Ταξιδεύοντας με ένα καράβι στο Αιγαίο

Αποθηκεύτηκε σε:
Λεπτομέρειες βιβλιογραφικής εγγραφής
Κύριος συγγραφέας: Κολόζη, Μαρία
Άλλοι συγγραφείς: Κυβέλου, Αγγελική
Μορφή: Βιβλίο
Γλώσσα:Greek
Δημοσίευση: Αθήνα : Υπουργείο Αιγαίου, 1998
Θέματα:
Ετικέτες: Προσθήκη ετικέτας
Δεν υπάρχουν, Καταχωρήστε ετικέτα πρώτοι!

MARC

LEADER 00000cam a2200000 i 4500
001 1/38213
008 061127s1998 gre d
035 |l 10086292 
040 |a GR-MY-UA  |b gre  |e aacr 
041 0 |a gre 
082 0 |a 623.890949582  |2 (22) 
100 1 |a Κολόζη, Μαρία. 
245 1 0 |a Ταξιδεύοντας με ένα καράβι στο Αιγαίο /  |c Μαρία Κολόζη, Αγγελική Κυβέλου 
260 |a Αθήνα :   |b Υπουργείο Αιγαίου,   |c 1998 
300 |a 117 σ.;  |b εγχρ. εικ., χάρτης;  |c 23 εκ. 
500 |a Περιέχει γλωσσάρι 
504 |a Περιέχει βιβλιογραφικές παραπομπές 
650 0 |a Navigation  |z Aegean Sea  |x History. 
700 1 |a Κυβέλου, Αγγελική. 
852 |a INST  |b LESVOS  |e 20061127  |h 623.890949582 ΚΟΛ  |p 005100032368  |q 005100032368  |t BK  |y 0 
901 |a BIBL1-2006-3 
909 |a Λ  |b 103468 
970 |a ΓΡΗΓΟΡΑ  |b ΜΑΡΙΑ  |z 2006/11/27